Aurora - Runaway - Lyrics - Statistics

General Stats
  • This quiz has been taken 684 times
  • The average score is 137 of 174
Answer Stats
Lyrics % Correct
a
99%
I
99%
was
96%
the
95%
The
95%
away
93%
run
93%
in
92%
And
90%
and
90%
of
90%
to
89%
far
88%
it
88%
me
88%
running
88%
But
86%
home
84%
Home
84%
saw
84%
take
84%
Take
84%
someday
83%
can´t
82%
for
82%
my
82%
knows
81%
Nobody
81%
nobody
81%
when
81%
world
81%
belong
80%
ocean
79%
you
78%
dancing
77%
heaven
77%
I´ve
77%
rain
77%
sand
77%
anymore
76%
complain
75%
face
75%
Waiting
75%
Would
75%
had
74%
listening
74%
seven
74%
dream
73%
felt
73%
off
73%
Then
73%
then
73%
up
73%
from
72%
painting
72%
picture
72%
piece
72%
way
71%
alive
70%
picked
70%
tree
70%
vanished
70%
hands
68%
Climbing
67%
were
67%
Oh
66%
moment
64%
place
63%
thought
62%
wasn´t
58%
again
56%
now
56%
Now
56%
true
56%
this
54%
been
53%
myself
53%
on
53%
all
52%
have
52%
lying
52%
secret
50%
time
50%
fall
45%
there
44%
putting
43%
soft
43%
sorrow
42%
down
40%
kept
40%
shelf
38%
patiently
34%
farthest
28%
No matching quizzes found
Score Distribution
Percent of People with Each Score
Percentile by Number Answered
Your Score History
You have not taken this quiz